TELL ME A STORY - I (Record no. 468375)

MARC details
000 -LEADER
fixed length control field 00355nam a2200157Ia 4500
008 - FIXED-LENGTH DATA ELEMENTS--GENERAL INFORMATION
fixed length control field 100204s9999 xx 000 0 und d
082 ## - DEWEY DECIMAL CLASSIFICATION NUMBER
Item number 23265
100 ## - MAIN ENTRY--PERSONAL NAME
Personal name SWAMI & SEVIKAS
245 ## - TITLE STATEMENT
Title TELL ME A STORY - I
250 ## - EDITION STATEMENT
Edition statement 0
260 ## - PUBLICATION, DISTRIBUTION, ETC. (IMPRINT)
Name of publisher, distributor, etc CC
Date of publication, distribution, etc 1987
300 ## - PHYSICAL DESCRIPTION
Extent 90
630 ## - SUBJECT ADDED ENTRY--UNIFORM TITLE
Uniform title TELL ME A STORY - I
730 ## - ADDED ENTRY--UNIFORM TITLE
Uniform title TELL ME A STORY - I
942 ## - ADDED ENTRY ELEMENTS (KOHA)
Koha item type Book
Holdings
Withdrawn status Lost status Damaged status Not for loan Home library Current library Date acquired Cost, normal purchase price Total Checkouts Full call number Barcode Date last seen Cost, replacement price Price effective from Koha item type
        N. C. Kelkar Sarvajanik Library, Mulund N. C. Kelkar Sarvajanik Library, Mulund 06/13/1998 35.00   23265 NCKMULUND-23265 02/04/2010 35.00 02/04/2010 Book